| 000 | 00509nam a2200169 i 4500 | ||
|---|---|---|---|
| 001 | 80651 | ||
| 003 | ES-MaACL | ||
| 005 | 20230906174250.0 | ||
| 007 | t| | ||
| 008 | 041029s1971 sp ||||1| spa d | ||
| 110 | 2 |
_aHospital de Navarra (Pamplona) _94595 |
|
| 245 | 1 | 0 |
_aMemoria estadística _b: año 1970. |
| 260 |
_aPamplona : _bDiputación Foral de Navarra, _c[1971] |
||
| 300 |
_a118 p. ; _c21 cm. |
||
| 610 | 2 | 4 |
_aHospital de Navarra (Pamplona)- _vMemorias. _9169048 |
| 852 |
_aES-MaACL _jC-47803 _bR.78536 |
||
| 999 |
_c80651 _d80651 |
||